La problemática social, económica y política de las regiones fronterizas en Centroamérica

Guardat en:
Dades bibliogràfiques
Autor corporatiu: CSUCA
Format: Text
Publicat: San José: CSUCA
Etiquetes: Afegir etiqueta
Sense etiquetes, Sigues el primer a etiquetar aquest registre!

MARC

LEADER 00000 a a2200000 04500
001 21445
003
040
090 |a 094500  
110 |a CSUCA  
245 |a La problemática social, económica y política de las regiones fronterizas en Centroamérica  
260 |a San José:   |b CSUCA  
300 |a 28 p.  
999 |c 1568  |d 1568